000 00680nam a2200289Ia 4500
005 20260324130214.0
008 008 260324s9999 xx 000 0 eng d
020 _a9780203886922
037 _aEBOOK
040 _aCRL
040 _beng
040 _cCRL
041 _2eng
041 _aeng
084 _qCRL
100 _aMutayyam al O'ran
_91180902
245 0 _aJordanian-Israeli Relations
245 4 _bThe Peacebuilding Experience
260 _bTaylor and Francis
260 _c2008
365 _a
365 _b65.99
856 _uhttp://www.taylorfrancis.com/books/9780203886922
942 _cEBOOK
999 _c1776871
_d1776871